Word Answers that End in "-vy" - Statistics

General Stats
  • This quiz has been taken 264 times
  • The average score is 11 of 16
Answer Stats
Hint Word % Correct
It conducts military operations at sea. navy
95%
One of the seven deadly sins envy
91%
A woody evergreen climbing plant ivy
89%
Not straight (perhaps describing hair) wavy
87%
Not straight curvy
83%
A sauce made from cooked meat juices gravy
83%
Disease caused by lack of vitamin C scurvy
82%
Not light heavy
79%
To impose (a tax, fee, or fine) levy
74%
Small fish with a strong flavor anchovy
64%
To divide up and share divvy
61%
Shrewd and knowledgeable savvy
54%
Division of General Motors Chevy
48%
A large group of people or things bevy
33%
Fashionable and exciting...dude groovy
32%
An outhouse privy
30%
No matching quizzes found
Score Distribution
Percent of People with Each Score
Percentile by Number Answered
Your Score History
You have not taken this quiz